[Event "13th I.Stepichev Mem"]
[Site "Kyiv UKR"]
[Date "2006.01.08"]
[Round "1"]
[White "Kosikov,An"]
[Black "Kruglyakov,P"]
[Result "0-1"]
[WhiteElo "2132"]
[BlackElo "2238"]

1.c4 Nf6 2.Nc3 e6 3.Nf3 c5 4.g3 b6 5.Bg2 Bb7 6.O-O Be7 7.b3 O-O 8.Bb2 a6
9.d4 cxd4 10.Nxd4 Bxg2 11.Kxg2 Qc7 12.e4 Nc6 13.Rc1 Qb7 14.f3 Ne5 15.Qe2 Rfe8
16.Rfd1 Bf8 17.f4 Ng6 18.Nf3 d6 19.Qd3 b5 20.Re1 Nd7 21.cxb5 axb5 22.b4 d5
23.a3 dxe4 24.Qxe4 Qxe4 25.Rxe4 e5 26.fxe5 Ngxe5 27.Nxe5 Rxe5 28.Rxe5 Nxe5
29.Nxb5 Nd3 30.Rc2 Ne1+  0-1

[Event "Winter Invitational"]
[Site "Chicago USA"]
[Date "2006.01.09"]
[Round "1"]
[White "Young,A PHI"]
[Black "Goletiani,R"]
[Result "0-1"]
[WhiteElo "2380"]
[BlackElo "2378"]

1.Nf3 c5 2.c4 Nf6 3.Nc3 e6 4.e4 Nc6 5.b3 a6 6.Bb2 e5 7.g3 g6 8.Bg2 Bg7 9.d3 d6
10.h3 O-O 11.O-O Nh5 12.Nd5 Ne7 13.Ne3 Qe8 14.b4 b6 15.Nh4 Rb8 16.Rb1 f5
17.exf5 gxf5 18.Nd5 Nxd5 19.Bxd5+ Kh8 20.bxc5 Nf6 21.Bg2 bxc5 22.f4 Nh5 23.Re1 Nxg3
24.Bxe5 Rxb1 25.Bxg7+ Kxg7 26.Qxb1 Qd8 27.Qb2+ Kh6 28.Nf3 Nh5 29.Qd2 Rg8
30.d4 Qf6 31.dxc5 dxc5 32.Re5 Bb7 33.Kh2 Rg6 34.Qe3 Qg7 35.Bh1 Rb6 36.Re6+ Rxe6
37.Qxe6+ Qg6 38.Qxg6+ hxg6 39.Ne5 Bxh1 40.Kxh1 Nxf4 41.Nd7 Nd3 42.Kg2 Kg5
43.Kf3 f4 44.Ke4 Nf2+ 45.Kf3 Nxh3 46.Nxc5 Kf5 47.Nxa6 g5 48.c5 g4+ 49.Kg2 f3+
50.Kg3 Ng5 51.c6 Ne4+ 52.Kh2 g3+ 53.Kh3 f2 54.Kg2 Nd2  0-1

[Event "63rd ch-GEO w"]
[Site "Tbilisi GEO"]
[Date "2006.01.10"]
[Round "2"]
[White "Dzagnidze,N"]
[Black "Tsereteli,T"]
[Result "1-0"]
[WhiteElo "2452"]
[BlackElo "2338"]

1.Nf3 Nf6 2.c4 e6 3.Nc3 c5 4.g3 b6 5.Bg2 Bb7 6.O-O Be7 7.d3 d5 8.Ne5 O-O
9.Qa4 Qc8 10.cxd5 Nxd5 11.Nxd5 exd5 12.Bf4 Nc6 13.Nf3 Bf6 14.Qc2 Re8 15.Rfe1 h6
16.Rac1 Qd7 17.h4 Rad8 18.a3 Ne5 19.b4 Nxf3+ 20.Bxf3 Rc8 21.Qa2 cxb4 22.axb4 Bc3
23.Bd2 Bxd2 24.Qxd2 d4 25.Kg2 Bxf3+ 26.exf3 Rxe1 27.Rxe1 Re8 28.Ra1 Qc7 29.Rc1 Qd6
30.Rc4 Rd8 31.Qe1 Kh8 32.h5 Kg8 33.g4 Kf8 34.Qe4 Kg8 35.b5 Qd5 36.Qe7 Qd7
37.Rc7 Qxe7 38.Rxe7 Rd5 39.Rxa7 Rxb5 40.Rd7 Kf8 41.Rxd4 Ke7 42.f4 g6 43.Re4+ Kf6
44.hxg6 fxg6 45.Rc4 Rd5 46.Rc6+ Kf7 47.Rc3 b5 48.Kf3 h5 49.Ke4 Ke6 50.gxh5 Rxh5
51.Rc6+ Kf7 52.Rb6 Rc5 53.f3 Rc2 54.Rxb5 Re2+ 55.Kd4 Kf6 56.Re5 Rf2 57.Ke3 Rf1
58.Ke2 Ra1 59.d4 Ra3 60.d5 Ra2+ 61.Kd3 Ra3+ 62.Ke2 Ra2+ 63.Kd3 Ra3+ 64.Kd4 Rxf3
65.Ke4 Ra3 66.d6 Ra1 67.d7 Re1+ 68.Kd5 Rd1+ 69.Kc6 Rc1+ 70.Kd6 Rd1+ 71.Rd5 Rxd5+
72.Kxd5 Ke7 73.Kc6 Kd8 74.Kd6  1-0

[Event "TCh-AUT 2005-6"]
[Site "Austria AUT"]
[Date "2006.01.13"]
[Round "5"]
[White "Tratar,M"]
[Black "Babula,V"]
[Result "0-1"]
[WhiteElo "2466"]
[BlackElo "2585"]

1.Nf3 Nf6 2.c4 c5 3.Nc3 b6 4.g3 Bb7 5.Bg2 g6 6.O-O Bg7 7.d4 cxd4 8.Qxd4 d6
9.Be3 Nbd7 10.Rac1 Rc8 11.b3 O-O 12.Qh4 a6 13.Rfd1 Rc7 14.Bh3 Qb8 15.g4 e6
16.g5 Ne8 17.Nd4 Ba8 18.Qg3 Qc8 19.Bxe6 Bxd4 20.Bxd7 Qb7 21.Nd5 Bxe3 22.Qxe3 Rxd7
23.Qxb6 f6 24.gxf6 Nxf6 25.Qxb7 Bxb7 26.Nxf6+ Rxf6 27.f3 Re7 28.Kf2 Re5 29.Rd4 Kf8
30.b4 Ke7 31.Rc3 Rfe6 32.e4 g5 33.Kg3 Rh6 34.a4 Bc8 35.Rcd3 Rh3+ 36.Kg2 g4
37.Rxd6 gxf3+ 38.Kf1 Rxh2  0-1

[Event "13th I.Stepichev Mem"]
[Site "Kyiv UKR"]
[Date "2006.01.13"]
[Round "6"]
[White "Baryshpolets,A"]
[Black "Kruglyakov,P"]
[Result "0-1"]
[WhiteElo "2218"]
[BlackElo "2238"]

1.Nf3 Nf6 2.c4 c5 3.Nc3 g6 4.d4 cxd4 5.Nxd4 Nc6 6.e4 d6 7.Be2 Bg7 8.Be3 O-O
9.O-O Bd7 10.Qd2 Nxd4 11.Bxd4 Bc6 12.Bd3 a5 13.Nd5 Nd7 14.Be3 Nc5 15.Rab1 a4
16.f4 e6 17.Nc3 Qa5 18.Rfc1 Rfd8 19.Bf1 Qb4 20.Rc2 a3 21.b3 Rd7 22.Nb5 Na6
23.Qf2 d5 24.cxd5 Bxb5 25.Bd2 Bd4 26.Bxb4 Bxf2+ 27.Rxf2 Bxf1 28.Bxa3 Bb5
29.Bc1 exd5 30.a4 Bd3  0-1

[Event "TCh-AUT 2005-6"]
[Site "Austria AUT"]
[Date "2006.01.14"]
[Round "6"]
[White "Ruck,R"]
[Black "Balogh,C"]
[Result "1/2-1/2"]
[WhiteElo "2540"]
[BlackElo "2561"]

1.Nf3 Nf6 2.c4 c5 3.Nc3 b6 4.g3 Bb7 5.Bg2 g6 6.O-O Bg7 7.Re1 Ne4 8.Nxe4 Bxe4
9.d4 O-O 10.d5 e6 11.Nh4  1/2-1/2

[Event "TCh-FIN 2005-6"]
[Site "Joensuu FIN"]
[Date "2006.01.14"]
[Round "6"]
[White "Eriksson,Jon FIN"]
[Black "Kosmo,S"]
[Result "1/2-1/2"]
[WhiteElo "2206"]
[BlackElo "2253"]

1.Nf3 Nf6 2.c4 c5 3.Nc3 e6 4.e4 Nc6 5.Be2 d5 6.exd5 exd5 7.d4 dxc4 8.d5 Ne7
9.Bxc4 Nf5 10.Bb5+ Bd7 11.O-O Bxb5 12.Nxb5 a6 13.Qe2+ Be7 14.d6 Nxd6 15.Nxd6+ Qxd6
16.Re1 Nd5 17.Bg5 f6 18.Rad1 O-O-O 19.Bh4 Rhe8 20.Bg3 Qc6 21.Qc4 g5 22.Qc2 Nc7
23.Qxh7 b5 24.b3 Kb7 25.Qf5 Rxd1 26.Rxd1 Rd8 27.Re1 Rd7 28.h3 Qd5 29.Qc2 Ne6
30.Qh7 Bd8 31.Qg6  1/2-1/2

[Event "4th Parsvnath Open"]
[Site "New Delhi IND"]
[Date "2006.01.16"]
[Round "3"]
[White "Rahman,Zia"]
[Black "Shetty,R"]
[Result "1-0"]
[WhiteElo "2557"]
[BlackElo "2350"]

1.Nf3 Nf6 2.c4 c5 3.Nc3 d5 4.cxd5 Nxd5 5.e3 Nxc3 6.bxc3 g6 7.Bb5+ Nd7 8.a4 Bg7
9.O-O O-O 10.a5 Rb8 11.d4 Qc7 12.Qe2 b6 13.axb6 axb6 14.e4 Bb7 15.Bg5 Nf6
16.d5 e6 17.d6 Qc8 18.Nd2 Bc6 19.Ra7 Bxb5 20.Qxb5 Rb7 21.Rxb7 Qxb7 22.Nc4 Nd7
23.Na5 Qxe4 24.Qxd7 bxa5 25.Be7 Ra8 26.Qc7 Bf8 27.Bxf8 Kxf8 28.Qxc5 Kg7 29.d7 Qd5
30.Qc8  1-0

[Event "Classic"]
[Site "Queenstown NZL"]
[Date "2006.01.18"]
[Round "4"]
[White "Tredinnick,M"]
[Black "Yachou,N"]
[Result "0-1"]
[WhiteElo "2172"]
[BlackElo "2016"]

1.c4 c5 2.Nc3 e6 3.Nf3 Nf6 4.g3 b6 5.Bg2 Bb7 6.O-O a6 7.Re1 d6 8.d4 cxd4
9.Qxd4 Qc7 10.b3 Nbd7 11.Ba3 Be7 12.e4 Rc8 13.Rac1 O-O 14.Red1 Nc5 15.Ne1 Rfd8
16.h3 d5 17.Nxd5 exd5 18.cxd5 Qd7 19.Bb2 Bf8 20.Nc2 Re8 21.e5 Nxd5 22.Bxd5 Bxd5
23.Qxd5 Qxh3 24.Ne3 Ne6 25.Nc4 Red8 26.Nd6 Rb8 27.Rc4 g5 28.Qf3 Rd7 29.Rdc1 f5
30.Qd5 f4 31.Rc7 fxg3 32.R7c2 Rbd8 33.fxg3 Bxd6 34.exd6 Qxg3+ 35.Rg2 Qe3+
36.Kh1 Rxd6 37.Qf5 Rd1+ 38.Rxd1 Rxd1+ 39.Kh2 Rd2 40.Rxd2 Qxd2+ 41.Kg3 Qf4+
42.Qxf4 gxf4+ 43.Kf3 Kf7 44.Ke4 Kg6 45.Bc1 Nc5+ 46.Kd4 Kf5 47.b4 Na4  0-1

[Event "Open"]
[Site "Zagreb CRO"]
[Date "2006.01.18"]
[Round "5"]
[White "Drcelic,J"]
[Black "Loncar,R"]
[Result "0-1"]
[WhiteElo "2222"]
[BlackElo "2371"]

1.Nf3 c5 2.c4 Nf6 3.Nc3 e6 4.e3 d5 5.d4 Nc6 6.Be2 a6 7.dxc5 Bxc5 8.cxd5 exd5
9.O-O O-O 10.b3 Qd6 11.Bb2 Ba7 12.Qd2 Bg4 13.Rfd1 Rad8 14.h3 Bh5 15.g4 Bg6
16.Bf1 Rfe8 17.Bg2 h6 18.Nh4 d4 19.Nxg6 fxg6 20.Ne2 d3 21.Nf4 Rxe3 22.fxe3 Qxf4
23.Re1 Ne4 24.Bxe4 Qxe4 25.Qg2 Bxe3+ 26.Kh1 Qxg2+ 27.Kxg2 d2 28.Rxe3 d1=Q
29.Rxd1 Rxd1 30.Re2 Rd3 31.Bc1 Rd1 32.Be3 g5 33.Bc5 Rd5 34.b4 Ne5 35.a4 a5
36.Re4 Nd3 37.Rc4 Nf4+ 38.Kf3 axb4 39.Bxb4 Rd7 40.h4 Nd3 41.Rc8+ Kh7 42.Bc3 gxh4
43.g5 Rf7+ 44.Ke3 h3 45.gxh6 h2 46.hxg7 Rxg7 47.Bxg7 Kxg7  0-1

[Event "Classic"]
[Site "Queenstown NZL"]
[Date "2006.01.19"]
[Round "5"]
[White "Jackson,L"]
[Black "Johnson,Q"]
[Result "0-1"]
[WhiteElo "2065"]
[BlackElo "2153"]

1.c4 c5 2.Nc3 Nf6 3.Nf3 d5 4.cxd5 Nxd5 5.g3 Nc6 6.Bg2 Nc7 7.O-O e5 8.d3 Be7
9.b3 O-O 10.Bb2 f6 11.Rc1 Bd7 12.Nd2 Qe8 13.Nd5 Rc8 14.Nxc7 Rxc7 15.Ne4 b6
16.Nc3 Rc8 17.Nd5 Bd6 18.e3 Be6 19.Nc3 Qf7 20.Ne4 Bb8 21.Ba3 Rfd8 22.Qe2 h6
23.Nc3 Qg6 24.Be4 f5 25.Bg2 f4 26.Be4 Qf7 27.Qf3 Ne7 28.Bb2 Rf8 29.Ne2 Nd5
30.Bxd5 Bxd5 31.e4 Be6 32.gxf4 exf4 33.h3 Rcd8 34.d4 Qf6 35.Rc2 cxd4 36.Nxd4 Rxd4
37.Bxd4 Qxd4 38.Rd1 Qf6 39.Rc6 Be5 40.Kh2 Rd8 41.Qh5 f3+ 42.Kg1 Rf8 43.Rd5 Bb8
44.e5 Qf5 45.Qxf5 Bxf5 46.e6 Bxh3 47.e7 Re8 48.Rd8 Kf7 49.Rc3 Bg4 50.Rcd3 Bc7
51.Kf1 Rxe7  0-1

[Event "4th Parsvnath Open"]
[Site "New Delhi IND"]
[Date "2006.01.20"]
[Round "8"]
[White "Kamble,V"]
[Black "Ganguly,S"]
[Result "0-1"]
[WhiteElo "2403"]
[BlackElo "2579"]

1.Nf3 Nf6 2.c4 c5 3.Nc3 d5 4.cxd5 Nxd5 5.d4 Nxc3 6.bxc3 g6 7.e4 Bg7 8.Be3 Nc6
9.Qd2 Qa5 10.Rc1 cxd4 11.cxd4 Qxd2+ 12.Kxd2 O-O 13.Ke1 Rd8 14.d5 Na5 15.Bb5 f5
16.Bd2 b6 17.Bxa5 bxa5 18.e5 Bb7 19.Bc6 Rac8 20.Rc5 e6 21.Ke2 Bf8 22.Rc3 Ba6+
23.Kd1 Bb4 24.Rc1 Ba3 25.Rc3 Rxd5+ 26.Bxd5 Rxc3 27.Bxe6+ Kf8 28.Re1 Rc1+
29.Kd2 Rc6 30.Nd4 Bb4+ 31.Kd1 Rb6 32.Bb3 a4 33.Bd5 Bxe1 34.Kxe1 Bb7 35.Bxb7 Rxb7  0-1

[Event "TCh-BEL 2005-6"]
[Site "Belgium BEL"]
[Date "2006.01.21"]
[Round "7"]
[White "Schebler,G"]
[Black "Deleyn,G"]
[Result "1/2-1/2"]
[WhiteElo "2465"]
[BlackElo "2300"]

1.Nf3 Nf6 2.c4 c5 3.Nc3 b6 4.g3 Bb7 5.Bg2 e6 6.O-O Be7 7.b3 O-O 8.Bb2 a6
9.e3 d6 10.d4 Nbd7 11.d5 e5 12.a4 Rb8 13.e4 g6 14.Ne1 Nh5 15.Nd3 Bf6 16.Bh3 Bc8
17.Ra2 Bg7 18.Bc1 Qe8 19.Re2 f5 20.f3 Nhf6  1/2-1/2

[Event "Classic"]
[Site "Queenstown NZL"]
[Date "2006.01.21"]
[Round "7"]
[White "Froehlich,P"]
[Black "Nokes,R"]
[Result "1/2-1/2"]
[WhiteElo "2360"]
[BlackElo "2330"]

1.Nf3 Nf6 2.c4 c5 3.Nc3 e6 4.g3 Be7 5.Bg2 O-O 6.O-O d6 7.d4 cxd4 8.Nxd4 a6
9.b3 Qc7 10.Bb2 Nc6 11.Rc1 Nxd4 12.Qxd4 Rb8 13.Qf4 b6 14.Rfd1 Bb7 15.Bxb7 Rxb7
16.Ba3 Rd8 17.Rd3 Qb8 18.Rcd1 Rbd7 19.e4 h6 20.f3 Bf8 21.Kg2 Qc7 22.Qe3 Qc6
23.Ne2 b5 24.cxb5 axb5 25.Bb2 Be7 26.Nd4 Qb7 27.Rc1 Ra8 28.a3 Bf8 29.b4 Re8
30.Nc6 e5 31.Qd2 Rc7 32.Na5 Qc8 33.Rxc7 Qxc7 34.Qc3 Qa7 35.Qc6 d5 36.exd5 e4
37.Bd4 Qb8 38.Rc3 exf3+ 39.Rxf3 Rc8 40.Qb7 Rc2+ 41.Rf2 Qe8 42.d6 Rxf2+ 43.Bxf2 Bxd6
44.Qc6 Qe5 45.Nb7 Bf8 46.Nc5 Qe2 47.Qf3 Qc4 48.Qd3 Qa2 49.h3 h5 50.Qb3 Qe2
51.Qd3 Qa2 52.Qb3 Qe2 53.Qd3  1/2-1/2

[Event "Open"]
[Site "Zagreb CRO"]
[Date "2006.01.21"]
[Round "8"]
[White "Saric,A"]
[Black "Urukalovic,R"]
[Result "1/2-1/2"]
[WhiteElo "2437"]
[BlackElo "2231"]

1.Nf3 c5 2.c4 Nf6 3.Nc3 e6 4.g3 b6 5.Bg2 Bb7 6.O-O Be7 7.d4 d5 8.Ne5 O-O
9.Bf4 Nbd7 10.Rc1 Rc8 11.dxc5 Nxc5 12.cxd5 Nxd5 13.Nxd5 Bxd5 14.Bxd5 exd5
15.b4 f6 16.Nf3 Ne6 17.Rxc8 Qxc8 18.Qxd5 Bxb4 19.Nd4 Re8 20.Rc1 Bc5 21.Nb3 Rd8
22.Qc4 Rd1+ 23.Kg2 Qc6+ 24.e4 b5 25.Qc2 Rxc1 26.Bxc1 Qb6 27.Nxc5 Qxc5 28.Qxc5 Nxc5
29.Kf3 Nd3 30.Bd2 Kf7 31.Ke2 Ne5 32.f4 Nc4 33.Bb4 Ke6 34.Kd3 Nb2+ 35.Kd4 Na4
36.g4 g6 37.f5+ gxf5 38.exf5+ Kd7 39.h4 a6 40.Bc5 a5 41.Bf8 b4 42.Bg7 Ke7
43.Kc4 Nc3 44.a3 Ne4 45.axb4 axb4 46.Kxb4 Nf2 47.g5 fxg5 48.hxg5 Kf7 49.Bd4 Ne4
50.Be3 Nd6 51.g6+  1/2-1/2

[Event "TCh-HUN 2005-6"]
[Site "Hungary HUN"]
[Date "2006.01.22"]
[Round "6"]
[White "Prokopishin,Vasiliy2"]
[Black "Almasi,I"]
[Result "0-1"]
[WhiteElo "2223"]
[BlackElo "2440"]

1.Nf3 c5 2.c4 Nf6 3.Nc3 e6 4.d4 cxd4 5.Nxd4 Bb4 6.Bd2 Nc6 7.Nc2 Bc5 8.Be3 Be7
9.g3 b6 10.Bg2 Bb7 11.O-O Na5 12.b3 Bxg2 13.Kxg2 O-O 14.Bf4 Qc8 15.Nb5 Qb7+
16.f3 d5 17.cxd5 Nxd5 18.Be5 Rac8 19.Bd4 Rfd8 20.Qb1 a6 21.Nba3 b5 22.e4 Nc3
23.Qb2 b4 24.Nb1 Nc6 25.Bxc3 bxc3 26.Nxc3 Rd2+ 27.Rf2 Rxf2+ 28.Kxf2 Bf6 29.Rc1 Ne5
30.Ne1 Nc4 31.Qa1 Qa7+ 32.Kg2 Ne3+ 33.Kh1 h5 34.f4 Ng4 35.e5 Qb7+ 36.Ng2 Nf2+
37.Kg1 Nh3+ 38.Kh1 Nf2+ 39.Kg1 Qa7 40.Kf1 Nh3 41.Ke2 Qf2+ 42.Kd3 Rd8+ 43.Nd5 Rxd5+  0-1

[Event "TCh-HUN 2005-6"]
[Site "Hungary HUN"]
[Date "2006.01.22"]
[Round "6"]
[White "Banusz,T"]
[Black "Varadi,V"]
[Result "1/2-1/2"]
[WhiteElo "2451"]
[BlackElo "2381"]

1.Nf3 c5 2.c4 Nf6 3.Nc3 d5 4.cxd5 Nxd5 5.e4 Nxc3 6.dxc3 Qxd1+ 7.Kxd1 Nc6
8.Kc2 e6 9.a4 Bd7 10.Be3 Be7 11.Be2 O-O 12.Rhd1 Rfd8 13.a5 Rac8 14.b3 Be8
15.Rxd8 Rxd8 16.Nd2 g5 17.Nc4 f6 18.Nb2 Bg6 19.f3 Rc8 20.Bc4 Bf7 21.Nd3 b6
22.axb6 axb6 23.Ra6 Bd8 24.Nb2 h5 25.Na4 Nb8 26.Nxb6 Rc6 27.Ra8 Rxb6 28.Bxc5 Rb7
29.Bd6 Nc6 30.Rc8 Be8 31.Bxe6+ Kg7 32.Bd5 Bd7 33.Ra8 Bc7 34.Bxc7 Rxc7 35.Kd3 h4
36.Ke3 h3 37.gxh3 Bxh3 38.f4 Ne7 39.c4 Nxd5+ 40.exd5 gxf4+ 41.Kxf4 Rb7 42.Ra3 Kg6
43.Ke4 Kg5 44.Kd4 f5 45.b4 Kg4 46.Rg3+ Kh4 47.Rg8 f4 48.d6 Rf7 49.Rh8+ Kg4
50.Rg8+ Kh4 51.Rh8+ Kg4 52.Rg8+  1/2-1/2

[Event "FINEC IM"]
[Site "St Petersburg RUS"]
[Date "2006.01.22"]
[Round "6"]
[White "Zacurdajev,M"]
[Black "Zakharchenko,A"]
[Result "1-0"]
[WhiteElo "2337"]
[BlackElo "2283"]

1.Nf3 c5 2.c4 g6 3.Nc3 Nf6 4.g3 Bg7 5.Bg2 O-O 6.d4 d6 7.dxc5 dxc5 8.Be3 Nfd7
9.Qd2 Nc6 10.Rd1 Qa5 11.Bh6 Nf6 12.Bxg7 Kxg7 13.O-O Be6 14.b3 Bg4 15.Qb2 Kg8
16.e3 Rad8 17.h3 Bc8 18.a3 Rxd1 19.Rxd1 Rd8 20.Nd5 Nxd5 21.cxd5 f6 22.Rd2 Nb8
23.g4 Qb6 24.e4 Nd7 25.g5 Qd6 26.Re2 Ne5 27.Nxe5 fxe5 28.f4 exf4 29.e5 Qb6
30.Kh2 e6 31.d6 Rf8 32.Rf2 Bd7 33.Be4 Bc6 34.Bxc6 Qxc6 35.Qd2 Qe4 36.d7 Rd8
37.Qd6 Qe3 38.Qxe6+  1-0

[Event "Classic"]
[Site "Queenstown NZL"]
[Date "2006.01.23"]
[Round "9"]
[White "Croad,N"]
[Black "Garbett,P"]
[Result "1/2-1/2"]
[WhiteElo "2206"]
[BlackElo "2352"]

1.Nf3 Nf6 2.c4 e6 3.Nc3 c5 4.g3 b6 5.Bg2 Bb7 6.O-O Be7 7.Re1 O-O 8.e4 d6
9.d4 cxd4 10.Nxd4 Qc8 11.Be3 a6 12.Rc1 Nbd7 13.b3 Re8 14.Kh1 Nc5 15.f3 Qc7
16.g4 h6 17.Bf2 Qd8 18.Qe2 Rc8 19.Rg1 Ba8 20.Be3 g5 21.h4 Kg7 22.Rgd1 Nfd7
23.b4 Nb7 24.Nd5 exd5 25.Nf5+ Kg6 26.exd5 Bf8 27.Qc2 Rxe3 28.Nxe3+ Kg7 29.Bf1 Qf6
30.Nf5+ Kg8 31.Re1 a5 32.a3 b5 33.Qe4 axb4 34.axb4 Nb6 35.cxb5 Rxc1 36.Rxc1 Nd8
37.Ne3 Ne6 38.Bd3 Qh8 39.Bb1 Nf4 40.Rd1 h5 41.Qf5 Be7 42.Be4 hxg4 43.Qxg4 Qxh4+
44.Qxh4 gxh4 45.Ra1 Bxd5 46.Ra7 Bg5 47.Nxd5 Nfxd5 48.Bxd5 Nxd5 49.Ra6 Be3
50.Rxd6 Nxb4 51.b6 Bxb6 52.Rxb6 Nd5 53.Ra6 Ne7 54.Kh2 Kg7 55.Kh3 Ng6 56.Ra3 f5
57.Ra6  1/2-1/2

[Event "Gibtelecom Masters"]
[Site "Gibraltar ENG"]
[Date "2006.01.25"]
[Round "2"]
[White "Al Sayed,Mohamad"]
[Black "Ganguly,S"]
[Result "1-0"]
[WhiteElo "2470"]
[BlackElo "2579"]

1.Nf3 Nf6 2.c4 c5 3.Nc3 d5 4.cxd5 Nxd5 5.g3 Nc6 6.Bg2 Nc7 7.d3 e5 8.Nd2 Be7
9.Bxc6+ bxc6 10.Nc4 f6 11.Qa4 Bd7 12.Ne4 O-O 13.Be3 Ne6 14.Qa3 Be8 15.g4 Bg6
16.Rc1 Qd7 17.Rg1 Rfb8 18.h4 Kh8 19.h5 Be8 20.h6 g5 21.Qc3 Qd5 22.b3 a5 23.Nb2 Rb5
24.Na4 Bg6 25.Nexc5 Bxc5 26.Bxc5 Re8 27.Be3 c5 28.f3 Qd6 29.Nxc5 Rc8 30.Ne4 Rxc3
31.Nxd6 Rxc1+ 32.Bxc1 Rb8 33.Be3 a4 34.bxa4 Rb2 35.a3 Ra2 36.Nc4 Nf4 37.Bxf4 exf4
38.a5 Bf7 39.Kf2 Bxc4 40.dxc4 Rxa3 41.Rd1 Kg8 42.Rd8+ Kf7 43.Ra8  1-0

[Event "11th HIT Open A"]
[Site "Nova Gorica SLO"]
[Date "2006.01.27"]
[Round "2"]
[White "Srebrnic,A"]
[Black "Novak,Ks"]
[Result "1/2-1/2"]
[WhiteElo "2291"]
[BlackElo "2180"]

1.Nf3 Nf6 2.c4 g6 3.Nc3 c5 4.e4 Bg7 5.d4 cxd4 6.Nxd4 Nc6 7.Nc2 O-O 8.Be2 d6
9.Be3 b6 10.O-O Bb7 11.Qd2 Ne5 12.f3 Rc8 13.b3 a6 14.Rac1 Ned7 15.Rfd1 Qc7
16.Nb4 Nc5 17.Bf1 Rfd8 18.Qf2 e6 19.h4 h6 20.Nd3 a5 21.Nf4 Qe7 22.g3 g5 23.hxg5 hxg5
24.Nd3 g4 25.Nxc5 dxc5 26.e5 Ne8 27.f4 f5 28.Bg2 Ba6 29.Na4 Qc7 30.Qe2 Bf8
31.Kf2 Rxd1 32.Rxd1 Rd8 33.Rxd8 Qxd8 34.Ke1 Kf7 35.Bc6 Qc7 36.Qg2 Ng7 37.Ba8 Be7
38.Nc3 Qd7 39.Qd2 Qxd2+ 40.Kxd2 Bd8 41.Bc6 Ke7 42.Na4 Ne8 43.a3 Bc8 44.Nc3 Nc7
45.Na4 Na6 46.Nb2 Bd7 47.Bg2 Nb8 48.a4  1/2-1/2

[Event "Gibtelecom Masters"]
[Site "Gibraltar ENG"]
[Date "2006.01.29"]
[Round "6"]
[White "Dunn,An1"]
[Black "Grooten,H"]
[Result "1/2-1/2"]
[WhiteElo "2188"]
[BlackElo "2365"]

1.Nf3 Nf6 2.c4 c5 3.Nc3 b6 4.e4 d6 5.d4 cxd4 6.Nxd4 Bb7 7.Bd3 Nbd7 8.O-O g6
9.Be3 Bg7 10.f3 O-O 11.Qd2 Rc8 12.b3 a6 13.Rac1 e6 14.Rfd1 Qc7 15.Qf2 Qb8
16.Bf1 Rfe8 17.Nde2 Ba8 18.Na4 d5 19.exd5 exd5 20.Nxb6 Nxb6 21.Bxb6 Bh6 22.Rc3 Re6
23.Ba7 Qb7 24.cxd5 Rd6 25.Rxc8+ Qxc8 26.Be3 Bxe3 27.Qxe3 Nxd5 28.Qf2 Rd8
29.Ng3 a5 30.Ne4 Nb4 31.Rxd8+ Qxd8 32.a3 Nd3 33.Qe3 Bxe4 34.fxe4 Ne5 35.h3 Qd6
36.Qa7 Nc6 37.Qb6 Qd4+ 38.Qxd4 Nxd4 39.b4 axb4 40.axb4 Kf8 41.Kf2 Ke7 42.b5 Kd6
43.Ke3 Kc5 44.b6 Nc6 45.b7 Kb6 46.Bc4 f6 47.Bd5 Kxb7 48.e5 Kc7 49.exf6 Ne5
50.f7 Nd7 51.Kf4 Kd6 52.Ba2 h6 53.Bb1 Nf8 54.Bxg6 Nxg6+ 55.Kf5 Nf8 56.Kf6 h5
57.g4 hxg4 58.hxg4 Nd7+ 59.Kg7 Ke5 60.g5 Kf5 61.g6 Kg5  1/2-1/2

[Event "ch-Kyiv"]
[Site "Kyiv UKR"]
[Date "2006.02.02"]
[Round "11"]
[White "Panchenko,AG"]
[Black "Kruglyakov,P"]
[Result "0-1"]
[WhiteElo "2393"]
[BlackElo "2238"]

1.Nf3 c5 2.c4 Nf6 3.Nc3 e6 4.g3 b6 5.Bg2 Bb7 6.O-O Be7 7.b3 d6 8.Bb2 a6 9.d4 cxd4
10.Nxd4 Bxg2 11.Kxg2 O-O 12.e3 Ra7 13.f4 Qc8 14.Qf3 Rc7 15.Rac1 g6 16.Rfd1 Nbd7
17.Nde2 Qb8 18.Ne4 Nxe4 19.Qxe4 Rfc8 20.g4 Bf6 21.Ba3 Nc5 22.Qf3 b5 23.g5 Bg7
24.cxb5 axb5 25.Bxc5 Rxc5 26.Rxc5 Rxc5 27.Rd2 h6 28.h4 e5 29.Ng3 exf4 30.exf4 Rc3
31.Qe4 Qc8 32.Rf2 d5 33.Qe2 Bd4 34.Qxb5 Qg4 35.Qb8+ Rc8  0-1

[Event "Open"]
[Site "Moscow RUS"]
[Date "2006.02.02"]
[Round "5"]
[White "Grachev,B"]
[Black "Papin,V"]
[Result "1-0"]
[WhiteElo "2510"]
[BlackElo "2389"]

1.c4 Nf6 2.Nc3 e6 3.Nf3 c5 4.e3 d5 5.d4 cxd4 6.exd4 Nc6 7.a3 dxc4 8.Bxc4 Be7
9.O-O O-O 10.Qd3 b6 11.Ba2 Bb7 12.Re1 Qd7 13.Bg5 Rad8 14.Rad1 Qc8 15.h3 Rd7
16.Qe3 Ne8 17.d5 exd5 18.Nxd5 Bc5 19.Qf4 Kh8 20.b4 Bd6 21.Qh4 f6 22.Bb1 f5
23.Ba2 Nc7 24.Nf6 gxf6 25.Bxf6+ Rg7 26.Bxg7+ Kxg7 27.Rxd6 Ne8 28.Qh6+  1-0

[Event "Open"]
[Site "Moscow RUS"]
[Date "2006.02.02"]
[Round "5"]
[White "Hasangatin,R"]
[Black "Nepomniachtchi,I"]
[Result "1/2-1/2"]
[WhiteElo "2460"]
[BlackElo "2506"]

1.Nf3 Nf6 2.c4 c5 3.Nc3 d5 4.cxd5 Nxd5 5.Qa4+ Bd7 6.Qe4 Bc6 7.Qd3 e6 8.Ne5 Bd6
9.Nxc6 Nxc6 10.e3 O-O 11.Be2 Ne5 12.Qb1 f5 13.f4 Ng4 14.O-O Ndf6 15.h3 Nh6
16.d4 a6 17.a4 Qb6 18.a5 Qa7 19.Ra4 Kh8 20.Kh1 Nhg8 21.Qa2 Rae8 22.Bf3 cxd4
23.exd4 Qb8 24.Qb3 Bxf4 25.Qxb7 Bxc1 26.Rxc1 Qf4 27.Ne2 Qd2 28.Qxa6 Ne4 29.Rca1 Nf2+
30.Kh2 Nf6 31.Rf1 N6e4 32.Qc6 Rc8 33.Qb5 Rb8  1/2-1/2

[Event "TCh-FRA Top 16 Gp A"]
[Site "Paris FRA"]
[Date "2006.02.03"]
[Round "1"]
[White "Bunzmann,D"]
[Black "Wojtaszek,R"]
[Result "1/2-1/2"]
[WhiteElo "2537"]
[BlackElo "2605"]

1.c4 Nf6 2.Nc3 c5 3.Nf3 e6 4.g3 b6 5.Bg2 Bb7 6.O-O Be7 7.d4 cxd4 8.Qxd4 O-O
9.Rd1 d6 10.Bg5 Nbd7 11.Nb5 d5 12.cxd5 exd5 13.b4 a6 14.Nc3 Rc8 15.Nd2 Re8
16.Rac1 Nf8 17.Qd3 Bxb4 18.Nxd5 Rxc1 19.Rxc1 Bxd5 20.Bxf6 Qxf6 21.Bxd5 Ne6
22.Ne4 Qe5 23.Rd1 b5  1/2-1/2

[Event "ch-Serbia"]
[Site "Vrnjacka Banja SCG"]
[Date "2006.02.03"]
[Round "7"]
[White "Zlatic,M"]
[Black "Pap,M"]
[Result "1-0"]
[WhiteElo "2417"]
[BlackElo "2402"]

1.c4 c5 2.Nc3 b6 3.Nf3 Nf6 4.g3 Bb7 5.Bg2 e6 6.O-O Be7 7.e3 O-O 8.d4 cxd4
9.exd4 d6 10.d5 e5 11.Ne1 a6 12.Be3 Nbd7 13.a4 Ne8 14.Nd3 Rc8 15.b3 Bg5 16.f4 exf4
17.gxf4 Bf6 18.Rc1 Bxc3 19.Rxc3 Nef6 20.Bd4 Nc5 21.Nf2 b5 22.axb5 axb5 23.Rg3 bxc4
24.Rxg7+ Kh8 25.Ng4 Ncd7 26.Rg5 Rg8 27.Bxf6+ Nxf6 28.Qd4 h6 29.Rxg8+ Qxg8
30.Qxf6+ Qg7 31.bxc4 Qxf6 32.Nxf6 Rxc4 33.Re1 Rd4 34.Re7 Kg7 35.Nh5+ Kg6
36.Rxb7 Kxh5 37.Rxf7 Kg4 38.Rf6 h5 39.Rxd6 Rxf4 40.Re6 Kf5 41.Re4 Rxe4 42.Bxe4+ Ke5
43.Kf2 h4 44.Ke3 h3 45.Kf3  1-0

[Event "ch-UKR b-20"]
[Site "Lviv UKR"]
[Date "2006.02.04"]
[Round "3"]
[White "Pavlov,S2"]
[Black "Vovk,Y"]
[Result "1/2-1/2"]
[WhiteElo "2453"]
[BlackElo "2414"]

1.Nf3 c5 2.c4 Nf6 3.Nc3 d5 4.cxd5 Nxd5 5.d4 Nxc3 6.bxc3 g6 7.e3 Bg7 8.Be2 O-O
9.O-O b6 10.a4 Bb7 11.a5 Nd7 12.Ba3 e5 13.Qb3 Qc7 14.a6 Bxf3 15.Bxf3 Rad8
16.Rfd1 Rfe8 17.Bd5 Re7 18.dxc5 Nxc5 19.Bxc5 bxc5 20.e4 Rb8 21.Qa2 Bf8 22.Rab1 Rxb1
23.Rxb1 Qd6 24.h3 Kg7 25.Qa4 f5 26.Rb7 fxe4 27.Bxe4 Qd2 28.Qa1 c4 29.g3  1/2-1/2

[Event "TCh-BEL 2005-6"]
[Site "Belgium BEL"]
[Date "2006.02.05"]
[Round "8"]
[White "Bauduin,E"]
[Black "Goloshchapov,A"]
[Result "0-1"]
[WhiteElo "2274"]
[BlackElo "2533"]

1.c4 c5 2.Nf3 Nf6 3.Nc3 e6 4.g3 b6 5.Bg2 Bb7 6.O-O Be7 7.b3 O-O 8.Bb2 d6
9.e3 Nbd7 10.Qe2 a6 11.Nh4 Qc7 12.f4 d5 13.d3 b5 14.g4 bxc4 15.bxc4 dxc4
16.dxc4 Nb6 17.Bxb7 Qxb7 18.Rab1 Rab8 19.g5 Ne8 20.Nf3 Nd6 21.Nd2 f6 22.h4 Qc6
23.e4 Rf7 24.Ba1 Rbf8 25.gxf6 Rxf6 26.f5 exf5 27.Nd5 Rg6+ 28.Kh2 Nxd5 29.cxd5 Qa4
30.h5 Rg5 31.Rg1 fxe4 32.Rxg5 Bxg5 33.Qg4 h6 34.Qe6+ Nf7 35.Qxe4 Qxa2 36.Rd1 Bxd2
37.Kh1 Rd8 38.d6 Nxd6 39.Qe5 Ne8 40.Rg1 Qd5+ 41.Qxd5+ Rxd5  0-1

[Event "ch-Serbia"]
[Site "Vrnjacka Banja SCG"]
[Date "2006.02.05"]
[Round "9"]
[White "Tosic,M"]
[Black "Lapcevic,M"]
[Result "1-0"]
[WhiteElo "2434"]
[BlackElo "2282"]

1.c4 Nf6 2.Nc3 e6 3.Nf3 c5 4.g3 b6 5.Bg2 Bb7 6.O-O a6 7.d4 cxd4 8.Qxd4 d6
9.Rd1 Be7 10.b3 Nbd7 11.Bb2 O-O 12.e4 Qc7 13.Qe3 Rac8 14.Nd4 Rfe8 15.Rac1 Qb8
16.h3 Bf8 17.Re1 Qa8 18.Re2 g6 19.Rce1 Bg7 20.Qd2 Nc5 21.Kh2 Red8 22.f3 h5
23.h4 Kh7 24.Bh3 Rc7 25.Qd1 Re7 26.Bc1 Ncd7 27.Bg5 Ne5 28.Bg2 Rc7 29.Qd2 Rdc8
30.Nd1 Nfd7 31.Nf2 Nc5 32.Be3 d5 33.exd5 exd5 34.Bf4 f6 35.b4 Ncd7 36.c5 bxc5
37.Bxe5 fxe5 38.Ne6 c4 39.Nh3 c3 40.Nhg5+ Kg8 41.Qc2 Nf8 42.Nxf8 Rxf8 43.Qxg6 Rf6
44.Qh7+ Kf8 45.Rxe5 c2 46.Qxh5  1-0

[Event "ch-UKR b-20"]
[Site "Lviv UKR"]
[Date "2006.02.06"]
[Round "5"]
[White "Sysoenko,A"]
[Black "Vovk,A"]
[Result "1/2-1/2"]
[WhiteElo "2214"]
[BlackElo "2325"]

1.c4 Nf6 2.Nc3 c5 3.Nf3 d5 4.d4 Nc6 5.cxd5 Nxd5 6.e4 Nxc3 7.bxc3 cxd4 8.cxd4 e6
9.Be2 Bb4+ 10.Bd2 Be7 11.Bc3 O-O 12.O-O Bf6 13.Rc1 b6 14.Qd2 Bb7 15.Rfd1 Rc8
16.Qb2 Nb8 17.Bd3 Nd7 18.h3 h6 19.a3 Re8 20.Bb1 Qc7 21.Qb5 Qc6 22.Qb3 Qc4
23.Qb2 Qc7 24.Bb4 Qb8 25.Rxc8 Rxc8 26.Qe2 a5 27.Bd2 Nf8 28.Bd3 Be7 29.Rb1 Nd7
30.Bb5 Nf6 31.Bd3 Qc7 32.Ne5 Bxa3 33.Nc4 Bb4 34.Bxb4 axb4 35.Rxb4 b5 36.Nd2 Qd8
37.Nb3 Bc6 38.Nc5 Qa5 39.Qb2 Nd7 40.Nxd7 Bxd7 41.Kh2 Qb6 42.Rb3 Rb8 43.Rb4 Rc8
44.g3 Be8 45.d5 Rd8 46.Rd4 Qc5 47.Qb4  1/2-1/2